Vertriebs-Controlling in Versicherungsunternehmen
Saved in:
| Main Author: | |
|---|---|
| Format: | Book |
| Language: | German |
| Published: |
Frankfurt am Main
Lang
1988
|
| Edition: | 1. Aufl. |
| Series: | Schriften zum Controlling
Bd. 5 |
| Subjects: | |
| Tags: |
No Tags, Be the first to tag this record!
|
MARC
| LEADER | 00000nam a2200000 4500 | ||
|---|---|---|---|
| 001 | c014202 | ||
| 005 | 20221206134629.5 | ||
| 020 | |a 3-8204-1386-3 | ||
| 041 | 0 | |a ger | |
| 044 | |a DE | ||
| 245 | 1 | 0 | |a Vertriebs-Controlling in Versicherungsunternehmen |c Detlef Hesse |
| 250 | |a 1. Aufl. | ||
| 264 | 1 | |a Frankfurt am Main |b Lang |c 1988 | |
| 300 | |a 373 s. | ||
| 490 | 1 | |a Schriften zum Controlling |v Bd. 5 | |
| 830 | 0 | |a Schriften zum Controlling |v Bd. 5 | |
| 610 | 2 | 0 | |a kontroling |
| 610 | 2 | 0 | |a poisťovne |
| 610 | 2 | 0 | |a odbyt |
| 610 | 2 | 0 | |a predaj |
| 610 | 2 | 0 | |a náklady |
| 610 | 2 | 0 | |a služby |
| 610 | 2 | 0 | |a plánovanie |
| 610 | 2 | 0 | |a poistenie |
| 610 | 2 | 0 | |a poisťovníctvo |
| 610 | 2 | 0 | |a modely |
| 610 | 2 | 0 | |a systémy informačné |
| 100 | 1 | |a Hesse, Detlef | |